00209nam a2200085Ia 4500008004100000100002000041245003000061260002300091260000900114170620s9999 xx 000 0 und d aPandey - J . N. 0aConstitution law of India bCentral Law Agency c2003